Every Manchester United Goal Scorer in the 2019/20 Premier League - Statistics

General Stats
  • This quiz has been taken 35 times
  • The average score is 54 of 65
Answer Stats
Game Scorer % Correct
Aston Villa (A) Pogba
100%
Chelsea (H) Rashford
100%
Chelsea (H) Rashford
100%
Leicester City (H) Rashford
100%
Liverpool (H) Rashford
100%
Norwich City (A) Rashford
100%
Brighton & Hove Albion (H) Rashford
100%
Sheffield United (A) Rashford
100%
Tottenham Hotspur (H) Rashford
100%
Tottenham Hotspur (H) Rashford
100%
Manchester City (A) Rashford
100%
Newcastle (H) Rashford
100%
Burnley (A) Rashford
100%
Norwich City (H) Rashford
100%
Norwich City (H) Rashford
100%
Bournemouth (H) Rashford
100%
Southampton (H) Rashford
100%
Crystal Palace (A) Rashford
100%
Watford (H) Fernandes
92%
Everton (A) Fernandes
92%
Tottenham Hotspur (A) Fernandes
92%
Brighton & Hove Albion (A) Fernandes
92%
Brighton & Hove Albion (A) Fernandes
92%
Bournemouth (H) Fernandes
92%
Aston Villa (A) Fernandes
92%
Leicester City (A) Fernandes
92%
Chelsea (H) Martial
92%
Wolverhampton Wanderers (A) Martial
92%
Norwich City (A) Martial
92%
Manchester City (A) Martial
92%
Newcastle (H) Martial
92%
Newcastle (H) Martial
92%
Burnley (A) Martial
92%
Norwich City (H) Martial
92%
Chelsea (A) Martial
92%
Watford (H) Martial
92%
Manchester City (H) Martial
92%
Sheffield United (H) Martial
92%
Sheffield United (H) Martial
92%
Sheffield United (H) Martial
92%
Bournemouth (H) Martial
92%
Southampton (H) Martial
92%
Crystal Palace (A) Martial
92%
Chelsea (A) Maguire
76%
Arsenal (H) McTominay
72%
Norwich City (A) McTominay
72%
Brighton & Hove Albion (H) McTominay
72%
Manchester City (H) McTominay
72%
Leicester City (A) Lingard
64%
Chelsea (H) James
60%
Crystal Palace (H) James
60%
Southampton (A) James
60%
Sheffield United (A) Greenwood
56%
Everton (H) Greenwood
56%
Newcastle (H) Greenwood
56%
Norwich City (H) Greenwood
56%
Watford (H) Greenwood
56%
Brighton & Hove Albion (A) Greenwood
56%
Bournemouth (H) Greenwood
56%
Bournemouth (H) Greenwood
56%
Aston Villa (A) Greenwood
56%
West Ham United (H) Greenwood
56%
Aston Villa (H) Lindelof
52%
Sheffield United (A) Williams
36%
Brighton & Hove Albion (H) Pereira
28%
No matching quizzes found
Score Distribution
Percent of People with Each Score
Percentile by Number Answered
Your Score History
You have not taken this quiz